ARRUPE JESUIT UNIVERSITY

CORONAVIRUS -STOP THE SPREAD - CLEAN,DISINFECT,COVER

Paul and the Macedonians / (Record no. 125140)

MARC details
000 -LEADER
fixed length control field 01055cam a2200301 a 4500
001 - CONTROL NUMBER
control field 12692010
003 - CONTROL NUMBER IDENTIFIER
control field ARRUPE
005 - DATE AND TIME OF LATEST TRANSACTION
control field 20160824153622.0
008 - FIXED-LENGTH DATA ELEMENTS--GENERAL INFORMATION
fixed length control field 020305s2001 tnu 000 0 eng
010 ## - LIBRARY OF CONGRESS CONTROL NUMBER
LC control number 2002277318
020 ## - INTERNATIONAL STANDARD BOOK NUMBER
International Standard Book Number 0687090784 (pbk. : alk. paper)
035 ## - SYSTEM CONTROL NUMBER
System control number (OCoLC)ocm48050141
040 ## - CATALOGING SOURCE
Original cataloging agency KPS
Transcribing agency KPS
Modifying agency DLC
042 ## - AUTHENTICATION CODE
Authentication code lccopycat
050 00 - LIBRARY OF CONGRESS CALL NUMBER
Classification number BS2725.52
Item number .D47 2001
300 ## - PHYSICAL DESCRIPTION
Dimensions 23 cm.
100 1# - MAIN ENTRY--PERSONAL NAME
Personal name DeSilva, David Arthur.
9 (RLIN) 25494
245 10 - TITLE STATEMENT
Title Paul and the Macedonians /
Statement of responsibility, etc David A. deSilva.
246 30 - VARYING FORM OF TITLE
Title proper/short title Life and letters of Paul
260 ## - PUBLICATION, DISTRIBUTION, ETC. (IMPRINT)
Place of publication, distribution, etc Nashville, TN :
Name of publisher, distributor, etc Abingdon,
Date of publication, distribution, etc c2001.
300 ## - PHYSICAL DESCRIPTION
Extent 108 p.;
440 #4 - SERIES STATEMENT/ADDED ENTRY--TITLE
Title The life and letters of Paul
9 (RLIN) 25495
500 ## - GENERAL NOTE
General note Explores the letters of Paul to the Thessalonians and the Philippians.
630 00 - SUBJECT ADDED ENTRY--UNIFORM TITLE
Uniform title Bible.
Name of part/section of a work Thessalonians
General subdivision Criticism, interpretation, etc.
9 (RLIN) 25496
630 00 - SUBJECT ADDED ENTRY--UNIFORM TITLE
Uniform title Bible.
Name of part/section of a work Philippians
General subdivision Criticism, interpretation, etc.
9 (RLIN) 25497
906 ## - LOCAL DATA ELEMENT F, LDF (RLIN)
a 7
b cbc
c copycat
d 3
e ncip
f 20
g y-gencatlg
942 ## - ADDED ENTRY ELEMENTS (KOHA)
Source of classification or shelving scheme Library of Congress Classification
Koha item type Monograph ( Printed materials)
Holdings
Withdrawn status Lost status Source of classification or shelving scheme Damaged status Not for loan Collection code Home library Current library Shelving location Date acquired Total Checkouts Full call number Barcode Date last seen Price effective from Koha item type
    Library of Congress Classification     Main Collection ARRUPE LIBRARY ARRUPE LIBRARY Main Collection 24/08/2016   BS2725.52D47 2001 46500009588 24/08/2016 24/08/2016 Monograph ( Printed materials)

 

Arrupe Library. PO Box MP320 Mt Pleasant, Harare, Zimbabwe
263 242 745411|librarian@aju.ac.zw